书目信息 |
| 书名: | Branding for dummies | |
| 作者: | Bill Chiaravalle and Barbara Findlay Schenck. | |
| 分册号: | [electronic resource] / | |
| 分册名: | 出版地: | Hoboken, N.J. : |
|
| 出版社: | J. Wiley | |
| 出版时间: | 2007. | |
| 页数: | 364 p | |
| 开本: | 23 cm. | |
| 丛书名: | ||
| 中图分类号: | ||
| 科图分类号: | ||
| 其他分类号: | HD69 | |
| 主题词: | ||
| 电子资源: | ||
| 000 | 00776cam 2200253Ia 450 | |
| 001 | 202012000338 | |
| 005 | 20121107151833.0 | |
| 008 | 080404s2007 njua s 000 0 eng d | |
| 020 | @a9780471771593@c$21.99 | |
| 020 | @a0471771597 | |
| 037 | @aCL0500000020@bSafari Books Online | |
| 040 | @aUMI@cUMI@dOCLCQ@dTXJ | |
| 050 | 4 | @aHD692007 |
| 099 | @dHD69@eB596 | |
| 100 | 1 | @aChiaravalle, Bill. |
| 245 | 10 | @aBranding for dummies@h[electronic resource] /@cBill Chiaravalle and Barbara Findlay Schenck. |
| 260 | @aHoboken, N.J. :@bJ. Wiley,@c2007. | |
| 300 | @a364 p@bill. ;@c23 cm. | |
| 490 | 0 | @a--For dummies. |
| 650 | 0 | @aBrand name products. |
| 700 | 1 | @aSchenck, Barbara Findlay. |
| 773 | 0 | @tSafari tech books online. |
| 905 | @b7153-4 | |
| 905 | @aTSG@dHD69@eB596 | |
| Branding for dummies [[electronic resource] /] / Bill Chiaravalle and Barbara Findlay Schenck.-Hoboken, N.J. : : J. Wiley, , 2007. |
| 364 p : ill. ; ; 23 cm.- (--For dummies.) |
| ISBN 9780471771593$21.99 |
| ● |
| 相关链接 |
|
|
|
正题名:Branding for dummies
索取号:HD69/B596
 
预约/预借
| 序号 | 登录号 | 条形码 | 馆藏地/架位号 | 状态 | 备注 |
| 1 | 7153 | 300071534 | 语言库209/209语言库 138排2列5层/ [索取号:HD69/B596] | 在馆 | |
| 2 | 7154 | 300071543 | 语言库209/209语言库 138排2列5层/ [索取号:HD69/B596] | 在馆 |